000
00280nam a22001217a 4500
008
181122b xxu||||| |||| 00| 0 eng d
041
_a
eng
080
_a
616.12
100
_a
7
101
_a
KARD
245
_a
Advanced Concepts in Arrhythmias
_c
Marriott,H.J.L
942
_2
udc
_c
BK
999
_c
52341
_d
52341